Bowhunter

Bibliographic Details
Format: Electronic Journal
Language:English
Published: Harrisburg, PA : Cowles Magazine
Subjects:
Online Access:Full text available from Research Library: 01/01/1998 to present

MARC

LEADER 00000nas a2200000 a 4500
001 ssj0012504
003 WaSeSS
005 20200512172242.0
006 m d
007 cr n
008 790620c19uu9999paubx p s 0 a0eng c
010 |a sf 90090373   |z sf 90090375   |z sc 79004465  
022 |l 0273-7434  |y 0273-7434 
032 |a 563190  |b USPS 
035 |a (WaSeSS)ssj0012504 
037 |b Bowhunter Magazine, 6405 Flank Dr., Harrisburg, PA 17112-2753 
040 |a MUL  |b eng  |c MUL  |d DLC  |d OCL  |d NSD  |d NST  |d DLC  |d NSD  |d DLC  |d OCLCQ  |d GRR  |d OCLCQ  |d CUS  |d OCLCQ  |d OCLCF  |d OCLCO  |d OCLCQ  |d KE7  |d OCLCO  |d OCL  |d OCLCO  |d WaSeSS 
042 |a pcc  |a nsdp 
050 1 4 |a GV1183 
082 0 4 |a 799.3205 
130 0 |a Bowhunter (Harrisburg, Pa.) 
222 0 |a Bowhunter  |b (Harrisburg, Pa.) 
245 1 0 |a Bowhunter  |h [electronic resource]. 
260 |a Harrisburg, PA :  |b Cowles Magazine 
310 |a Eight times a year 
500 |a Special issue in September (Big Game), November (Whitetail), and January (Gear Guide). 
500 |a "The magazine for the hunting archer." 
500 |a Publisher: Bowhunter Magazine, <June/July 1994-> 
506 |a License restrictions may limit access. 
588 |a Description based on: Jan. 1990; title from cover. 
588 |a Latest issue consulted: Vol. 23, no. 5 (June/July 1994). 
650 0 |a Archery  |v Periodicals. 
650 0 |a Bowhunting  |v Periodicals. 
650 0 |a Hunting  |v Periodicals. 
650 7 |a Archery.  |2 fast  |0 (OCoLC)fst00813043 
650 7 |a Bowhunting.  |2 fast  |0 (OCoLC)fst00837219 
650 7 |a Hunting.  |2 fast  |0 (OCoLC)fst00964162 
655 0 |a Electronic journals. 
850 |a CoFS  |a DLC 
856 4 0 |z Full text available from Research Library: 01/01/1998 to present  |u https://search.proquest.com/publication/30686